[Event "Tournoi International du Pays de Charleroi 2018"]
[Site "Roux, Belgium"]
[Date "2018.08.03"]
[Round "8.23"]
[White "Grodent, Gerald"]
[Black "Mulder, Bart-Piet"]
[Result "1/2-1/2"]
[WhiteElo "2017"]
[BlackElo "2176"]

1. Nf3 {[%clk 01:30:59]} {[%emt 00:00:02]} Nf6 {[%clk 01:30:28]} {[%emt
00:00:32]} 2. b3 {[%clk 01:31:03]} {[%emt 00:00:26]} g6 {[%clk 01:19:27]}
{[%emt 00:11:30]} 3. Bb2 {[%clk 01:31:27]} {[%emt 00:00:07]} Bg7 {[%clk
01:19:54]} {[%emt 00:00:03]} 4. e3 {[%clk 01:30:37]} {[%emt 00:01:20]} O-O
{[%clk 01:19:38]} {[%emt 00:00:45]} 5. c4 {[%clk 01:28:42]} {[%emt 00:02:26]}
d6 {[%clk 01:19:41]} {[%emt 00:00:27]} 6. d4 {[%clk 01:25:01]} {[%emt
00:04:11]} Nbd7 {[%clk 01:15:37]} {[%emt 00:04:32]} 7. Be2 {[%clk 01:22:59]}
{[%emt 00:02:33]} e5 {[%clk 01:15:09]} {[%emt 00:00:58]} 8. O-O {[%clk
01:19:01]} {[%emt 00:04:27]} e4 {[%clk 01:05:56]} {[%emt 00:17:36]} 9. Nfd2
{[%clk 01:18:23]} Qe7 {[%clk 01:04:34]} 10. Nc3 {[%clk 01:17:22]} c6 {[%clk
01:04:53]} 11. Qc2 {[%clk 01:16:21]} Re8 {[%clk 01:05:18]} 12. Rac1 {[%clk
01:11:19]} {[%emt 00:03:57]} Nf8 {[%clk 01:02:36]} {[%emt 00:03:13]} 13. Ba3
{[%clk 01:06:14]} {[%emt 00:05:34]} Bf5 {[%clk 00:57:36]} {[%emt 00:05:30]} 14.
Rfd1 {[%clk 01:04:44]} {[%emt 00:02:01]} h5 {[%clk 00:48:39]} {[%emt 00:09:26]}
15. Nf1 {[%clk 00:55:17]} {[%emt 00:09:58]} Rad8 {[%clk 00:46:05]} {[%emt
00:03:05]} 16. b4 {[%clk 00:50:31]} {[%emt 00:05:15]} N6h7 {[%clk 00:37:32]}
{[%emt 00:09:02]} 17. Ng3 {[%clk 00:47:36]} {[%emt 00:03:26]} h4 {[%clk
00:35:52]} {[%emt 00:02:11]} 18. Nxf5 {[%clk 00:47:05]} {[%emt 00:01:00]} gxf5
{[%clk 00:36:18]} {[%emt 00:00:04]} 19. Kh1 {[%clk 00:43:23]} {[%emt 00:04:12]}
Ng6 {[%clk 00:36:35]} {[%emt 00:00:12]} 20. Rg1 {[%clk 00:37:15]} {[%emt
00:06:38]} Kh8 {[%clk 00:35:09]} {[%emt 00:01:56]} 21. Bf1 {[%clk 00:33:50]}
{[%emt 00:03:57]} Ng5 {[%clk 00:27:58]} {[%emt 00:07:40]} 22. Ne2 {[%clk
00:32:12]} {[%emt 00:02:08]} h3 {[%clk 00:24:13]} {[%emt 00:04:15]} 23. Ng3
{[%clk 00:25:16]} {[%emt 00:07:25]} Nh4 {[%clk 00:23:15]} {[%emt 00:01:29]} 24.
Qe2 {[%clk 00:23:48]} {[%emt 00:01:59]} hxg2 {[%clk 00:17:54]} {[%emt
00:05:50]} 25. Bxg2 {[%clk 00:23:57]} {[%emt 00:00:22]} Ngf3 {[%clk 00:17:14]}
{[%emt 00:01:09]} 26. Bxf3 {[%clk 00:23:20]} {[%emt 00:01:07]} exf3 {[%clk
00:17:37]} {[%emt 00:00:07]} 27. Qd3 {[%clk 00:21:39]} {[%emt 00:02:11]} Qe6
{[%clk 00:13:49]} {[%emt 00:04:16]} 28. Nh5 {[%clk 00:15:27]} {[%emt 00:06:43]}
Ng2 {[%clk 00:12:30]} {[%emt 00:01:50]} 29. Ng3 {[%clk 00:12:41]} {[%emt
00:03:17]} d5 {[%clk 00:08:32]} {[%emt 00:04:27]} 30. Qd1 {[%clk 00:07:37]}
{[%emt 00:05:34]} f4 {[%clk 00:08:12]} {[%emt 00:00:50]} 31. Qxf3 {[%clk
00:06:42]} {[%emt 00:01:25]} fxg3 {[%clk 00:04:57]} {[%emt 00:03:45]} 32. Qxg2
{[%clk 00:06:56]} {[%emt 00:00:17]} dxc4 {[%clk 00:03:03]} {[%emt 00:02:24]} 33.
Qxg3 {[%clk 00:07:00]} {[%emt 00:00:25]} Bh6 {[%clk 00:02:28]} {[%emt
00:01:05]} 34. Qf3 {[%clk 00:05:18]} {[%emt 00:02:12]} Qd5 {[%clk 00:02:09]}
{[%emt 00:00:49]} 35. Rg3 {[%clk 00:04:56]} {[%emt 00:00:52]} Rg8 {[%clk
00:01:19]} {[%emt 00:01:21]} 36. Rcg1 {[%clk 00:04:45]} {[%emt 00:00:41]} Rxg3
{[%clk 00:01:15]} {[%emt 00:00:34]} 37. Rxg3 {[%clk 00:05:08]} {[%emt
00:00:06]} Qxf3 {[%clk 00:01:01]} {[%emt 00:00:44]} 38. Rxf3 {[%clk 00:05:36]}
{[%emt 00:00:01]} Kg8 {[%clk 00:01:16]} {[%emt 00:00:15]} 39. Bb2 {[%clk
00:05:11]} {[%emt 00:00:55]} Bf8 {[%clk 00:01:30]} {[%emt 00:00:16]} 40. Bc3
{[%clk 00:04:21]} {[%emt 00:01:20]} b5 {[%clk 00:00:42]} {[%emt 00:01:18]} 41.
Rf6 {[%clk 00:02:54]} {[%emt 00:01:56]} Rc8 {[%clk 00:29:10]} {[%emt 00:02:04]}
42. Kg2 {[%clk 00:32:56]} {[%emt 00:00:28]} Be7 {[%clk 00:28:15]} {[%emt
00:01:24]} 43. Rf5 {[%clk 00:32:28]} {[%emt 00:00:58]} a5 {[%clk 00:26:05]}
{[%emt 00:02:41]} 44. a3 {[%clk 00:30:53]} {[%emt 00:02:06]} axb4 {[%clk
00:22:40]} {[%emt 00:03:54]} 45. axb4 {[%clk 00:29:12]} {[%emt 00:02:11]} Ra8
{[%clk 00:22:17]} {[%emt 00:00:53]} 46. d5 {[%clk 00:24:53]} {[%emt 00:04:49]}
cxd5 {[%clk 00:16:51]} {[%emt 00:05:57]} 47. Rxd5 {[%clk 00:24:30]} {[%emt
00:00:52]} Ra3 {[%clk 00:17:12]} {[%emt 00:00:08]} 48. Bd4 {[%clk 00:21:04]}
{[%emt 00:03:58]} Rb3 {[%clk 00:04:56]} {[%emt 00:12:45]} 49. Rxb5 {[%clk
00:19:33]} {[%emt 00:02:00]} Rxb4 {[%clk 00:03:37]} {[%emt 00:01:49]} 50. Rxb4
{[%clk 00:17:19]} {[%emt 00:02:45]} Bxb4 {[%clk 00:04:03]} {[%emt 00:00:03]} 51.
Kf3 {[%clk 00:17:38]} {[%emt 00:00:12]} Bd6 {[%clk 00:03:56]} {[%emt 00:00:37]}
52. h3 {[%clk 00:17:28]} {[%emt 00:00:40]} f5 {[%clk 00:04:05]} {[%emt
00:00:21]} 53. Bc3 {[%clk 00:16:35]} {[%emt 00:01:23]} Kf7 {[%clk 00:04:06]}
{[%emt 00:00:30]} 54. e4 {[%clk 00:16:44]} {[%emt 00:00:20]} Ke6 {[%clk
00:04:01]} {[%emt 00:00:35]} 55. exf5+ {[%clk 00:09:56]} {[%emt 00:07:19]} Kxf5
{[%clk 00:04:23]} {[%emt 00:00:07]} 56. h4 {[%clk 00:08:04]} {[%emt 00:02:22]}
Bc5 {[%clk 00:04:39]} {[%emt 00:00:13]} 57. Bd2 {[%clk 00:06:35]} {[%emt
00:02:01]} Be7 {[%clk 00:04:31]} {[%emt 00:00:36]} 58. h5 {[%clk 00:06:12]}
{[%emt 00:00:52]} Bg5 {[%clk 00:03:11]} {[%emt 00:01:52]} 59. Ke2 {[%clk
00:04:22]} {[%emt 00:02:20]} Bxd2 {[%clk 00:02:38]} {[%emt 00:01:04]} 60. Kxd2
{[%clk 00:04:50]} {[%emt 00:00:01]} Kg5 {[%clk 00:03:07]} 61. h6 {[%clk
00:04:53]} {[%emt 00:00:28]} Kxh6 {[%clk 00:03:33]} {[%emt 00:00:05]} 62. Kc3
{[%clk 00:05:02]} {[%emt 00:00:20]} Kg5 {[%clk 00:03:58]} {[%emt 00:00:04]} 63.
Kxc4 {[%clk 00:05:31]} {[%emt 00:00:01]} Kf4 {[%clk 00:04:23]} {[%emt
00:00:05]} 1/2-1/2

[Event "Tournoi International du Pays de Charleroi 2018"]
[Site "Roux, Belgium"]
[Date "2018.08.03"]
[Round "8.7"]
[White "Hamblok, Roel"]
[Black "Maddens, Martijn"]
[Result "1/2-1/2"]
[WhiteTitle "FM"]
[WhiteElo "2286"]
[BlackElo "2141"]

1. d4 {[%clk 01:30:20]} {[%emt 00:00:39]} f5 {[%clk 01:30:50]} {[%emt
00:00:10]} 2. Nc3 {[%clk 01:30:44]} {[%emt 00:00:07]} Nf6 {[%clk 01:30:29]}
{[%emt 00:00:51]} 3. Bg5 {[%clk 01:29:44]} {[%emt 00:01:29]} d5 {[%clk
01:30:25]} {[%emt 00:00:34]} 4. Bxf6 {[%clk 01:30:07]} {[%emt 00:00:07]} exf6
{[%clk 01:30:50]} {[%emt 00:00:05]} 5. e3 {[%clk 01:30:32]} {[%emt 00:00:04]}
Be6 {[%clk 01:30:09]} {[%emt 00:01:11]} 6. Qf3 {[%clk 01:30:34]} {[%emt
00:00:28]} Nc6 {[%clk 01:18:21]} {[%emt 00:12:18]} 7. Bd3 {[%clk 01:27:04]}
{[%emt 00:03:59]} Qd7 {[%clk 01:17:21]} {[%emt 00:01:30]} 8. a3 {[%clk
01:27:24]} {[%emt 00:00:10]} h5 {[%clk 01:09:51]} {[%emt 00:08:00]} 9. h4
{[%clk 01:22:15]} {[%emt 00:05:39]} g5 {[%clk 01:08:04]} {[%emt 00:02:17]} 10.
g3 {[%clk 01:17:31]} {[%emt 00:14:13]} O-O-O {[%clk 00:55:49]} {[%emt
00:03:46]} 11. hxg5 {[%clk 01:04:43]} {[%emt 00:13:18]} fxg5 {[%clk 00:55:41]}
{[%emt 00:00:38]} 12. Rxh5 {[%clk 01:05:03]} {[%emt 00:00:10]} Bh6 {[%clk
00:55:28]} {[%emt 00:00:42]} 13. Qh1 {[%clk 00:49:35]} {[%emt 00:15:59]} Bg7
{[%clk 00:55:16]} {[%emt 00:00:42]} 14. Nge2 {[%clk 00:43:54]} {[%emt
00:06:11]} Rxh5 {[%clk 00:54:42]} {[%emt 00:01:05]} 15. Qxh5 {[%clk 00:43:41]}
{[%emt 00:00:42]} Rh8 {[%clk 00:55:05]} {[%emt 00:00:07]} 16. Qf3 {[%clk
00:44:03]} {[%emt 00:00:07]} Rh2 {[%clk 00:54:51]} {[%emt 00:00:44]} 17. Nc1
{[%clk 00:37:43]} {[%emt 00:06:51]} g4 {[%clk 00:35:30]} {[%emt 00:19:51]} 18.
Qe2 {[%clk 00:37:06]} {[%emt 00:01:06]} Rh1+ {[%clk 00:34:55]} {[%emt
00:01:06]} 19. Kd2 {[%clk 00:37:35]} {[%emt 00:00:01]} Nxd4 {[%clk 00:35:11]}
{[%emt 00:00:14]} 20. Bb5 {[%clk 00:36:50]} {[%emt 00:01:14]} c6 {[%clk
00:27:43]} {[%emt 00:07:59]} 21. exd4 {[%clk 00:36:30]} {[%emt 00:00:51]} Bh6+
{[%clk 00:28:03]} {[%emt 00:00:09]} 22. Kd3 {[%clk 00:36:49]} {[%emt 00:00:11]}
f4 {[%clk 00:27:53]} {[%emt 00:00:40]} 23. Na4 {[%clk 00:34:58]} {[%emt
00:02:21]} f3 {[%clk 00:20:09]} {[%emt 00:08:14]} 24. Qe5 {[%clk 00:34:02]}
{[%emt 00:01:26]} Bxc1 {[%clk 00:19:22]} {[%emt 00:01:17]} 25. Nc5 {[%clk
00:33:43]} {[%emt 00:00:49]} Bf5+ {[%clk 00:17:48]} {[%emt 00:02:04]} 26. Kc3
{[%clk 00:34:06]} {[%emt 00:00:07]} Qf7 {[%clk 00:18:08]} {[%emt 00:00:09]} 27.
Bxc6 {[%clk 00:17:24]} {[%emt 00:17:13]} bxc6 {[%clk 00:18:21]} {[%emt
00:00:18]} 28. Nb3 {[%clk 00:16:31]} {[%emt 00:01:22]} Rh2 {[%clk 00:09:40]}
{[%emt 00:09:10]} 29. Rxc1 {[%clk 00:12:53]} {[%emt 00:04:09]} Rxf2 {[%clk
00:10:03]} {[%emt 00:00:07]} 30. Qh8+ {[%clk 00:13:05]} {[%emt 00:00:18]} Kc7
{[%clk 00:10:02]} {[%emt 00:00:31]} 31. Qa8 {[%clk 00:12:27]} {[%emt 00:01:08]}
Kd6 {[%clk 00:07:36]} {[%emt 00:02:56]} 32. Qb8+ {[%clk 00:12:39]} {[%emt
00:00:18]} Ke7 {[%clk 00:07:04]} {[%emt 00:01:02]} 33. Qe5+ {[%clk 00:09:35]}
{[%emt 00:03:34]} 1/2-1/2

[Event "Tournoi International du Pays de Charleroi 2018"]
[Site "Roux, Belgium"]
[Date "2018.08.03"]
[Round "8.19"]
[White "Naumkin, Igor"]
[Black "Hafner, Christian"]
[Result "1-0"]
[WhiteTitle "GM"]
[WhiteElo "2379"]
[BlackElo "2072"]

1. d4 {[%clk 01:30:56]} {[%emt 00:00:03]} d5 {[%clk 01:30:49]} {[%emt
00:00:12]} 2. c4 {[%clk 01:31:19]} {[%emt 00:00:06]} c6 {[%clk 01:31:10]}
{[%emt 00:00:09]} 3. Nf3 {[%clk 01:31:43]} {[%emt 00:00:06]} Nf6 {[%clk
01:31:34]} {[%emt 00:00:06]} 4. Nc3 {[%clk 01:32:04]} {[%emt 00:00:09]} dxc4
{[%clk 01:31:50]} {[%emt 00:00:14]} 5. a4 {[%clk 01:32:21]} {[%emt 00:00:13]}
Bf5 {[%clk 01:32:10]} {[%emt 00:00:09]} 6. e3 {[%clk 01:32:39]} {[%emt
00:00:13]} e6 {[%clk 01:32:32]} {[%emt 00:00:08]} 7. Bxc4 {[%clk 01:33:04]}
{[%emt 00:00:05]} Bb4 {[%clk 01:32:54]} {[%emt 00:00:07]} 8. O-O {[%clk
01:33:23]} {[%emt 00:00:11]} Nbd7 {[%clk 01:33:11]} {[%emt 00:00:14]} 9. Nh4
{[%clk 01:32:43]} {[%emt 00:01:09]} Bg4 {[%clk 01:32:59]} {[%emt 00:00:42]} 10.
f3 {[%clk 01:32:25]} {[%emt 00:00:49]} Bh5 {[%clk 01:33:18]} {[%emt 00:00:11]}
11. g4 {[%clk 01:32:09]} {[%emt 00:00:45]} Nd5 {[%clk 01:33:21]} {[%emt
00:00:27]} 12. Ng2 {[%clk 01:32:00]} {[%emt 00:00:39]} Bg6 {[%clk 01:33:44]}
{[%emt 00:00:08]} 13. Na2 {[%clk 01:31:03]} {[%emt 00:01:26]} Bd6 {[%clk
01:33:36]} {[%emt 00:00:38]} 14. e4 {[%clk 01:29:49]} {[%emt 00:01:45]} Ne7
{[%clk 01:33:42]} {[%emt 00:00:24]} 15. Nc3 {[%clk 01:28:28]} {[%emt 00:01:51]}
h5 {[%clk 01:33:43]} {[%emt 00:00:28]} 16. g5 {[%clk 01:27:55]} {[%emt
00:01:03]} h4 {[%clk 01:33:19]} {[%emt 00:00:54]} 17. Kh1 {[%clk 01:18:39]}
{[%emt 00:09:45]} h3 {[%clk 01:23:32]} {[%emt 00:10:16]} 18. Nf4 {[%clk
01:14:57]} {[%emt 00:04:13]} e5 {[%clk 01:19:28]} {[%emt 00:12:42]} 19. Nxg6
{[%clk 01:08:32]} Nxg6 {[%clk 01:18:15]} {[%emt 00:02:12]} 20. f4 {[%clk
01:06:09]} {[%emt 00:01:11]} exf4 {[%clk 00:42:39]} {[%emt 00:36:08]} 21. e5
{[%clk 01:02:46]} {[%emt 00:03:53]} Ndxe5 {[%clk 00:36:08]} {[%emt 00:07:02]}
22. dxe5 {[%clk 01:00:29]} {[%emt 00:02:46]} Bxe5 {[%clk 00:36:11]} {[%emt
00:00:27]} 23. Qg4 {[%clk 00:52:58]} {[%emt 00:08:00]} Qd4 {[%clk 00:31:08]}
{[%emt 00:05:34]} 24. Ba2 {[%clk 00:47:34]} {[%emt 00:05:53]} Qd3 {[%clk
00:29:43]} {[%emt 00:01:56]} 25. Rd1 {[%clk 00:39:50]} {[%emt 00:08:12]} Rh4
{[%clk 00:29:58]} {[%emt 00:00:15]} 26. Qe6+ {[%clk 00:33:22]} {[%emt
00:06:59]} fxe6 {[%clk 00:30:07]} {[%emt 00:00:22]} 27. Rxd3 {[%clk 00:31:35]}
{[%emt 00:02:17]} Ke7 {[%clk 00:29:06]} {[%emt 00:01:31]} 28. Bd2 {[%clk
00:30:05]} {[%emt 00:01:59]} Rf8 {[%clk 00:24:57]} {[%emt 00:04:40]} 29. Ne4
{[%clk 00:26:57]} {[%emt 00:03:38]} b6 {[%clk 00:25:05]} {[%emt 00:00:22]} 30.
Bb4+ {[%clk 00:23:38]} {[%emt 00:03:49]} c5 {[%clk 00:24:54]} {[%emt 00:00:41]}
31. Nxc5 {[%clk 00:23:14]} {[%emt 00:00:53]} bxc5 {[%clk 00:24:45]} {[%emt
00:00:40]} 32. Bxc5+ {[%clk 00:23:39]} {[%emt 00:00:05]} Kf7 {[%clk 00:18:31]}
{[%emt 00:06:42]} 33. Rd7+ {[%clk 00:21:06]} {[%emt 00:03:05]} Kg8 {[%clk
00:18:47]} {[%emt 00:00:13]} 34. Bxe6+ {[%clk 00:20:45]} {[%emt 00:00:52]} Kh7
{[%clk 00:17:51]} {[%emt 00:01:26]} 35. Bxf8 {[%clk 00:20:38]} {[%emt
00:00:36]} Nxf8 {[%clk 00:18:17]} {[%emt 00:00:05]} 36. Bf5 {[%clk 00:20:57]}
{[%emt 00:00:10]} Kg8 {[%clk 00:18:06]} {[%emt 00:00:41]} 37. Rd3 {[%clk
00:19:19]} {[%emt 00:02:07]} Rh5 {[%clk 00:17:58]} {[%emt 00:00:39]} 38. Rg1
{[%clk 00:17:04]} {[%emt 00:02:45]} Bxb2 {[%clk 00:17:49]} {[%emt 00:00:39]} 39.
Rxh3 {[%clk 00:15:49]} {[%emt 00:01:44]} Rxh3 {[%clk 00:17:51]} {[%emt
00:00:29]} 40. Bxh3 {[%clk 00:16:15]} {[%emt 00:00:04]} Kf7 {[%clk 00:14:34]}
{[%emt 00:03:48]} 41. Bf5 {[%clk 00:13:09]} {[%emt 00:03:34]} Ng6 {[%clk
00:12:05]} {[%emt 00:03:00]} 42. Rb1 {[%clk 00:12:08]} {[%emt 00:01:31]} Bd4
{[%clk 00:12:24]} {[%emt 00:00:10]} 43. Rb7+ {[%clk 00:12:16]} {[%emt
00:00:24]} Ne7 {[%clk 00:12:48]} {[%emt 00:00:06]} 44. Kg2 {[%clk 00:12:02]}
{[%emt 00:00:44]} 1-0

[Event "Tournoi International du Pays de Charleroi 2018"]
[Site "Roux, Belgium"]
[Date "2018.08.03"]
[Round "8.22"]
[White "Van Cappellen, Jonas"]
[Black "Chauvon, Guillaume"]
[Result "1-0"]
[WhiteElo "2202"]
[BlackElo "2013"]

1. d4 {[%clk 01:30:56]} {[%emt 00:00:03]} d5 {[%clk 01:30:56]} {[%emt
00:00:05]} 2. c4 {[%clk 01:31:20]} {[%emt 00:00:06]} c6 {[%clk 01:31:23]}
{[%emt 00:00:03]} 3. Nc3 {[%clk 01:31:44]} {[%emt 00:00:06]} Nf6 {[%clk
01:31:48]} {[%emt 00:00:06]} 4. Nf3 {[%clk 01:32:07]} {[%emt 00:00:06]} dxc4
{[%clk 01:32:02]} {[%emt 00:00:16]} 5. a4 {[%clk 01:32:21]} {[%emt 00:00:16]}
Bf5 {[%clk 01:32:28]} {[%emt 00:00:05]} 6. e3 {[%clk 01:32:30]} {[%emt
00:00:21]} e6 {[%clk 01:32:53]} {[%emt 00:00:05]} 7. Bxc4 {[%clk 01:32:54]}
{[%emt 00:00:05]} Bb4 {[%clk 01:33:14]} {[%emt 00:00:09]} 8. O-O {[%clk
01:33:15]} {[%emt 00:00:09]} O-O {[%clk 01:33:35]} {[%emt 00:00:10]} 9. Qe2
{[%clk 01:33:34]} {[%emt 00:00:10]} Nbd7 {[%clk 01:33:53]} {[%emt 00:00:12]} 10.
Rd1 {[%clk 01:32:11]} {[%emt 00:01:52]} Qe7 {[%clk 01:30:51]} {[%emt 00:03:33]}
11. e4 {[%clk 01:31:05]} {[%emt 00:01:36]} Bg4 {[%clk 01:28:33]} {[%emt
00:02:49]} 12. e5 {[%clk 01:28:21]} {[%emt 00:03:13]} Nd5 {[%clk 01:27:24]}
{[%emt 00:01:40]} 13. Ne4 {[%clk 01:14:27]} {[%emt 00:14:22]} h6 {[%clk
01:25:11]} {[%emt 00:02:44]} 14. h3 {[%clk 01:09:25]} {[%emt 00:05:31]} Bh5
{[%clk 01:16:26]} {[%emt 00:12:56]} 15. Ng3 {[%clk 01:08:52]} Bg6 {[%clk
01:15:52]} 16. Nh2 {[%clk 01:03:33]} {[%emt 00:04:16]} N5b6 {[%clk 01:03:54]}
{[%emt 00:12:28]} 17. Bd3 {[%clk 00:57:29]} {[%emt 00:06:33]} Bxd3 {[%clk
01:03:24]} {[%emt 00:01:01]} 18. Rxd3 {[%clk 00:57:05]} {[%emt 00:00:53]} c5
{[%clk 00:55:32]} {[%emt 00:08:23]} 19. Nh5 {[%clk 00:43:56]} {[%emt 00:13:38]}
Kh8 {[%clk 00:49:35]} {[%emt 00:06:27]} 20. Nxg7 {[%clk 00:33:42]} {[%emt
00:10:45]} Rg8 {[%clk 00:31:58]} {[%emt 00:18:06]} 21. Nh5 {[%clk 00:26:33]}
{[%emt 00:07:38]} Rg6 {[%clk 00:26:30]} {[%emt 00:06:00]} 22. Ng4 {[%clk
00:23:39]} {[%emt 00:03:24]} cxd4 {[%clk 00:17:57]} {[%emt 00:09:03]} 23. Rxd4
{[%clk 00:14:54]} {[%emt 00:09:15]} Nd5 {[%clk 00:18:18]} {[%emt 00:00:08]} 24.
Nf4 {[%clk 00:10:39]} {[%emt 00:04:45]} Nxf4 {[%clk 00:18:27]} {[%emt
00:00:22]} 25. Bxf4 {[%clk 00:10:11]} {[%emt 00:00:57]} Bc5 {[%clk 00:16:17]}
{[%emt 00:02:40]} 26. Rd3 {[%clk 00:09:55]} {[%emt 00:00:47]} h5 {[%clk
00:11:14]} {[%emt 00:05:33]} 27. Nf6 {[%clk 00:09:46]} {[%emt 00:00:39]} Nxf6
{[%clk 00:07:41]} {[%emt 00:04:03]} 28. exf6 {[%clk 00:10:09]} {[%emt
00:00:07]} Qe8 {[%clk 00:05:53]} {[%emt 00:02:18]} 29. Qxh5 {[%clk 00:10:23]}
{[%emt 00:00:16]} 1-0

[Event "Tournoi International du Pays de Charleroi 2018"]
[Site "Roux, Belgium"]
[Date "2018.08.03"]
[Round "8.17"]
[White "Schuermans, Robert"]
[Black "Vanderwaeren, Serge"]
[Result "1-0"]
[BlackTitle "FM"]
[WhiteElo "2044"]
[BlackElo "2145"]

1. e4 {[%clk 01:30:50]} {[%emt 00:00:08]} c5 {[%clk 01:29:25]} {[%emt
00:01:37]} 2. Nf3 {[%clk 01:30:46]} {[%emt 00:00:33]} e6 {[%clk 01:29:44]}
{[%emt 00:00:11]} 3. b3 {[%clk 01:30:35]} {[%emt 00:00:41]} Nc6 {[%clk
01:29:16]} {[%emt 00:00:59]} 4. Bb2 {[%clk 01:30:38]} {[%emt 00:00:27]} Nf6
{[%clk 01:29:35]} {[%emt 00:00:10]} 5. e5 {[%clk 01:26:39]} {[%emt 00:04:29]}
Nd5 {[%clk 01:29:57]} {[%emt 00:00:08]} 6. c4 {[%clk 01:26:07]} {[%emt
00:01:03]} Nde7 {[%clk 01:29:57]} {[%emt 00:00:30]} 7. Nc3 {[%clk 01:16:33]}
{[%emt 00:10:03]} Nf5 {[%clk 01:28:02]} {[%emt 00:02:25]} 8. Bd3 {[%clk
01:14:11]} {[%emt 00:02:51]} Nh4 {[%clk 01:28:00]} {[%emt 00:00:33]} 9. Nxh4
{[%clk 01:07:17]} {[%emt 00:07:25]} Qxh4 {[%clk 01:28:20]} {[%emt 00:00:10]} 10.
Nb5 {[%clk 01:07:21]} {[%emt 00:00:26]} Kd8 {[%clk 01:27:43]} {[%emt 00:01:06]}
11. g3 {[%clk 01:03:44]} {[%emt 00:04:07]} Qh3 {[%clk 01:27:18]} {[%emt
00:00:55]} 12. Qf3 {[%clk 01:03:15]} {[%emt 00:00:59]} a6 {[%clk 01:27:28]}
{[%emt 00:00:21]} 13. Nd6 {[%clk 01:02:54]} {[%emt 00:10:11]} Bxd6 {[%clk
01:27:49]} 14. exd6 {[%clk 01:03:14]} f5 {[%clk 01:27:00]} 15. Bxg7 {[%clk
00:57:29]} Rg8 {[%clk 01:27:22]} 16. Bf1 {[%clk 00:56:33]} {[%emt 00:02:12]}
Qg4 {[%clk 01:27:32]} 17. Qxg4 {[%clk 00:56:11]} fxg4 {[%clk 01:27:48]} 18.
Bf6+ {[%clk 00:52:48]} {[%emt 00:03:13]} Ke8 {[%clk 01:28:12]} {[%emt
00:00:06]} 19. Bd3 {[%clk 00:52:03]} {[%emt 00:01:14]} Kf7 {[%clk 01:25:14]}
{[%emt 00:03:29]} 20. Bc3 {[%clk 00:51:10]} {[%emt 00:01:22]} e5 {[%clk
01:24:54]} {[%emt 00:00:52]} 21. Be4 {[%clk 00:47:15]} {[%emt 00:04:25]} Rg7
{[%clk 01:22:38]} {[%emt 00:02:45]} 22. Bd5+ {[%clk 00:46:51]} {[%emt
00:00:55]} Kg6 {[%clk 01:22:17]} {[%emt 00:00:50]} 23. O-O-O {[%clk 00:45:28]}
{[%emt 00:01:54]} Nd4 {[%clk 01:22:23]} {[%emt 00:00:23]} 24. Rde1 {[%clk
00:44:39]} {[%emt 00:01:19]} Kf6 {[%clk 01:22:28]} {[%emt 00:00:26]} 25. h3
{[%clk 00:44:23]} {[%emt 00:00:46]} a5 {[%clk 01:21:56]} {[%emt 00:01:02]} 26.
hxg4 {[%clk 00:43:21]} {[%emt 00:01:31]} Ra6 {[%clk 01:22:19]} {[%emt
00:00:07]} 27. f4 {[%clk 00:38:50]} {[%emt 00:05:01]} exf4 {[%clk 01:22:33]}
{[%emt 00:00:16]} 28. gxf4 {[%clk 00:39:12]} {[%emt 00:00:10]} Rxd6 {[%clk
01:21:36]} {[%emt 00:01:26]} 29. Rh6+ {[%clk 00:36:57]} {[%emt 00:02:44]} Rg6
{[%clk 01:21:51]} {[%emt 00:00:15]} 30. Rxg6+ {[%clk 00:37:08]} {[%emt
00:00:20]} hxg6 {[%clk 01:22:00]} {[%emt 00:00:21]} 31. Re8 {[%clk 00:37:27]}
{[%emt 00:00:11]} b6 {[%clk 01:21:39]} {[%emt 00:00:51]} 32. Bxd4+ {[%clk
00:37:15]} {[%emt 00:00:41]} cxd4 {[%clk 01:22:02]} {[%emt 00:00:08]} 33. Rxc8
{[%clk 00:37:38]} {[%emt 00:00:07]} g5 {[%clk 01:21:07]} {[%emt 00:01:24]} 34.
fxg5+ {[%clk 00:35:03]} {[%emt 00:03:05]} Kxg5 {[%clk 01:21:24]} {[%emt
00:00:14]} 35. Rg8+ {[%clk 00:35:18]} {[%emt 00:00:14]} Kf4 {[%clk 01:21:47]}
{[%emt 00:00:08]} 36. g5 {[%clk 00:35:35]} {[%emt 00:00:13]} d3 {[%clk
01:22:02]} {[%emt 00:00:15]} 37. g6 {[%clk 00:35:07]} {[%emt 00:00:58]} 1-0